Canon EOS 5D Mark III for dummies
The Canon EOS 5D Mark III offers professional photographers and advanced amateurs a wide range of top-flight dSLR capabilities. Canon users love For Dummies guides, with more than 100,000 copies of previous Canon camera guides sold. Like its predecessors, this one is packed with colorful examples th...
Na minha lista:
| Autor principal: | |
|---|---|
| Formato: | Livro |
| Idioma: | Undetermined |
| Publicado em: |
Hoboken, N.J.
John Wiley & Sons
2012
|
| Assuntos: | |
| Tags: |
Adicionar Tag
Sem tags, seja o primeiro a adicionar uma tag!
|
| Thư viện lưu trữ: | Trung tâm Học liệu Trường Đại học Cần Thơ |
|---|
| LEADER | 01189nam a2200217Ia 4500 | ||
|---|---|---|---|
| 001 | CTU_216547 | ||
| 008 | 210402s9999 xx 000 0 und d | ||
| 020 | |c 16.17 | ||
| 082 | |a 771.3 | ||
| 082 | |b C824 | ||
| 100 | |a Correll, Robert | ||
| 245 | 0 | |a Canon EOS 5D Mark III for dummies | |
| 245 | 0 | |c Robert Correll | |
| 260 | |a Hoboken, N.J. | ||
| 260 | |b John Wiley & Sons | ||
| 260 | |c 2012 | ||
| 520 | |a The Canon EOS 5D Mark III offers professional photographers and advanced amateurs a wide range of top-flight dSLR capabilities. Canon users love For Dummies guides, with more than 100,000 copies of previous Canon camera guides sold. Like its predecessors, this one is packed with colorful examples that illustrate camera features and inspire you to capture your own super images. It explains the camera controls and menus, shows you how to take full advantage of all the features, discusses output options and image editing, and much more. | ||
| 650 | |a Canon digital cameras,Photography,Máy ảnh kỹ thuật số Canon,Nhiếp ảnh | ||
| 650 | |x Digital techniques,Kỹ thuật số | ||
| 904 | |i Qhieu | ||
| 980 | |a Trung tâm Học liệu Trường Đại học Cần Thơ | ||